Zeitschrift für allgemeine Wissenschaftstheorie

Na minha lista:
Detalhes bibliográficos
Formato: Periódico
Idioma:alemão
Publicado em: Wiesbaden Steiner
Tags: Adicionar Tag
Sem tags, seja o primeiro a adicionar uma tag!

MARC

LEADER 00000nas1a2200000 4500
001 s125061
005 20230606065357.7
041 0 |a ger 
044 |a DE 
245 1 0 |a Zeitschrift für allgemeine Wissenschaftstheorie 
264 1 |a Wiesbaden  |b Steiner